X-Ray/ EUV optics for astronomy and microscopy (Record no. 10100)

MARC details
000 -LEADER
fixed length control field 00951nam a2200229Ia 4500
003 - CONTROL NUMBER IDENTIFIER
control field IN-BaIIA
008 - FIXED-LENGTH DATA ELEMENTS--GENERAL INFORMATION
fixed length control field 211028s9999 xx 000 0 eng d
020 ## - INTERNATIONAL STANDARD BOOK NUMBER
International Standard Book Number 0-8194-0196-X
040 ## - CATALOGING SOURCE
Transcribing agency IIA Library
080 ## - UNIVERSAL DECIMAL CLASSIFICATION NUMBER
Universal Decimal Classification number 535(082.1)
Item number SPI-1160
111 ## - MAIN ENTRY--MEETING NAME
Meeting name or jurisdiction name as entry element Society of Photo-Optical Instrumentation Engineers Conference
Location of meeting California
Date of meeting or treaty signing 1989 Aug. 07-11
9 (RLIN) 17092
245 #0 - TITLE STATEMENT
Title X-Ray/ EUV optics for astronomy and microscopy
Remainder of title proceedings of the SPIE held in Sandiago, California, on 07-11 August 1989
Statement of responsibility, etc. edited by Richard B. Hoover
260 ## - PUBLICATION, DISTRIBUTION, ETC.
Place of publication, distribution, etc. Washington
Name of publisher, distributor, etc. Society of Photo-Optical Instrumentation Engineers
Date of publication, distribution, etc. 1989
300 ## - PHYSICAL DESCRIPTION
Extent x, 669p.
490 ## - SERIES STATEMENT
Series statement SPIE proceedings series; v. 1160
650 ## - SUBJECT ADDED ENTRY--TOPICAL TERM
Topical term or geographic name entry element Astronomy and Astrophysics Thesaurus
650 ## - SUBJECT ADDED ENTRY--TOPICAL TERM
Topical term or geographic name entry element Ultraviolet astronomy
9 (RLIN) 6323
650 ## - SUBJECT ADDED ENTRY--TOPICAL TERM
Topical term or geographic name entry element X-Ray astronomy
9 (RLIN) 7473
650 ## - SUBJECT ADDED ENTRY--TOPICAL TERM
Topical term or geographic name entry element X-Ray Optics. EUV Optics
9 (RLIN) 17093
700 ## - ADDED ENTRY--PERSONAL NAME
Personal name Hoover, Richard B., ed.
9 (RLIN) 17094
942 ## - ADDED ENTRY ELEMENTS (KOHA)
Koha item type Books
952 ## - LOCATION AND ITEM INFORMATION (KOHA)
-- 96.00
Holdings
Withdrawn status Lost status Damaged status Not for loan Home library Current library Shelving location Date acquired Total Checkouts Full call number Barcode Date last seen Price effective from Koha item type
        IIA Library-Bangalore IIA Library-Bangalore General Stacks 04/01/1991   535(082.1)/ SPI-1160 11010 05/11/2021 04/01/1991 Books

Powered by Koha